Teams That Have Beaten Iowa Since 2008 In College Football - Statistics

General Stats
  • This quiz has been taken 556 times
    513 since last reset
  • The average score is 31 of 42
Answer Stats
Date Bowl Game Score Team % Correct
11/17/2012 - 42-17 Michigan
98%
10/4/2008 - 16-13 Michigan State
92%
11/12/2011 - 37-21 Michigan State
92%
10/5/2013 - 26-14 Michigan State
92%
12/5/2015 2015 Big Ten Championship Game 16-13 Michigan State
92%
11/14/2009 - 27-24 (OT) Ohio State
91%
11/20/2010 - 20-17 Ohio State
91%
10/19/2013 - 34-24 Ohio State
91%
11/25/2011 - 20-7 Nebraska
90%
11/23/2012 - 13-7 Nebraska
90%
11/28/2014 - 37-34 (2OT) Nebraska
90%
11/5/2016 - 41-14 Penn State
89%
10/23/2010 - 31-30 Wisconsin
89%
11/2/2013 - 28-9 Wisconsin
89%
11/22/2014 - 26-24 Wisconsin
89%
10/22/2016 - 17-9 Wisconsin
89%
11/27/2010 - 27-24 Minnesota
86%
10/29/2011 - 22-21 Minnesota
86%
11/8/2014 - 51-14 Minnesota
86%
9/10/2011 - 44-41 (OT) Iowa State
85%
9/8/2012 - 9-6 Iowa State
85%
9/13/2014 - 20-17 Iowa State
85%
11/1/2008 - 27-24 Illinois
81%
9/27/2008 - 22-17 Northwestern
81%
11/7/2009 - 17-10 Northwestern
81%
11/13/2010 - 21-17 Northwestern
81%
10/27/2012 - 28-17 Northwestern
81%
10/1/2016 - 38-31 Northwestern
81%
11/3/2012 - 24-21 Indiana
80%
11/10/2012 - 27-24 Purdue
80%
10/18/2014 - 38-31 Maryland
76%
1/1/2016 2016 Rose Bowl 45-16 Stanford
71%
1/2/2015 2015 TaxSlayer Bowl 45-28 Tennessee
62%
1/1/2014 2014 Outback Bowl 21-14 LSU
60%
12/30/2011 - 31-14 Oklahoma
50%
9/17/2016 - 23-21 North Dakota State
48%
9/18/2010 - 34-27 Arizona
37%
8/31/2013 - 30-27 Northern Illinois
32%
9/20/2008 - 21-20 Pittsburgh
29%
9/22/2012 - 32-31 Central Michigan
24%
10/8/2011 - 13-3 Penn State
20%
10/20/2012 - 38-14 Penn State
20%
No matching quizzes found
Score Distribution
Percent of People with Each Score
Percentile by Number Answered
Your Score History
You have not taken this quiz since the last reset